The making of the National Labor Relations Board ; a study in economics, politics, and the law /

Bibliographic Details
Main Author: Gross, James A., 1933-
Format: Book
Language:English
Published: Albany : State University of New York Press, 1974-
Subjects:

MARC

Tag First Indicator Second Indicator Subfields
LEADER 00000pam a2200000 4500
001 in00000665341
005 20151015080252.0
008 740321m19749999nyua b 00110 eng
010 |a  74005284  
020 |a 0873952707 
020 |a 0873952715 (microfiche) 
035 |a (OCoLC)00866547 
035 |9 ACX6143AM 
040 |a DLC  |c DLC  |d TXA  |d UtOrBLW 
043 |a n-us--- 
049 |a TXAM  |v 1 [1531299] 
050 0 0 |a KF3372  |b .G76 
082 0 |a 353.008/3 
100 1 |a Gross, James A.,  |d 1933- 
245 1 4 |a The making of the National Labor Relations Board ;  |b a study in economics, politics, and the law /  |c [by] James A. Gross. 
264 1 |a Albany :  |b State University of New York Press,  |c 1974- 
300 |a volumes :  |b illustrations ;  |c 24 cm. 
336 |a text  |b txt  |2 rdacontent 
337 |a unmediated  |b n  |2 rdamedia 
338 |a volume  |b nc  |2 rdacarrier 
504 |a Includes bibliographical references. 
505 0 |a v. 1. 1933-1937. 
610 1 0 |a United States.  |b National Labor Relations Board. 
999 |a MARS 
999 f f |s 6c3ad940-9fe5-3ed5-9aa3-5c3f64dcf9b9  |i 045c3ed5-7e30-372b-bfa8-4b4b1b0be914  |t 0 
952 f f |p normal  |a Texas A&M University  |b College Station  |c Sterling C. Evans Library  |d Evans: Library Stacks  |t 0  |e KF3372 .G76  |h Library of Congress classification  |i unmediated -- volume  |k v.1  |m A14803174944 
998 f f |a KF3372 .G76  |s v1  |t 0  |l Evans: Library Stacks